| 000 | 00545nam a2200181Ia 4500 | ||
|---|---|---|---|
| 003 | GCL | ||
| 008 | 140319s9999 xx 000 0 ara d | ||
| 040 |
_aGCL / _cGCL |
||
| 082 | 0 | 4 |
_a398.2 _bش ب |
| 100 | 1 | _aشاسترى، شاكواشا | |
| 245 | 1 | 0 |
_aالباجادجيتا : الكتاب الهندى المقدس / _cشاسترى، شاكواشا |
| 700 | 1 | _aرعد عبد الجليل الجواد | |
| 300 | _a143 ص | ||
| 490 | _a | ||
| 650 | 0 | 4 | _aالملاحم |
| 650 | 0 | 4 | _aالادب الشعبى - الهند |
| 942 |
_2ddc _cBK |
||
| 999 |
_c44389 _d44389 |
||